000 00269nam a22001217a 4500
008 190201b xxu||||| |||| 00| 0 eng d
041 _aeng
080 _23rd
_a316
100 _a50
101 _aSOC
245 _aSocio-Logical Theory
_cTimasheff, N.S
942 _2udc
_cBK
999 _c53909
_d53909